La politización de la justicia : la designación de los magistrados del Tribunal Supremo, 1836-1881 /

Shranjeno v:
Bibliografske podrobnosti
Glavni avtor: Díaz Sampedro, Braulio (autor)
Format: Knjiga
Jezik:španščina
Izdano: Madrid, España : Dykinson ; 2005, c2005
Teme:
Oznake: Označite
Brez oznak, prvi označite!

MARC

LEADER 00000nam^a2200000^a^4500
001 000183699
005 20250521000000.0
009 20260310102051.275
020 |a 84-9772-713-4 
037 |a Acervo ITESO - Biblioteca 
041 |a ESP 
082 |a 347. 46014  |b DIA 
100 |a Díaz Sampedro, Braulio  |e (autor) 
245 1 3 |a La politización de la justicia :  |b la designación de los magistrados del Tribunal Supremo, 1836-1881 /  |c B. Díaz Sampedro ; pról. de Gustavo Villapalos Salas. 
264 4 |a Madrid, España :  |b Dykinson ;  |c 2005, c2005 
300 |a 539 p. 
336 |a texto  |b txt  |2 rdacontenido 
337 |a sin mediación  |b n  |2 rdamedio 
338 |a volumen  |b nc  |2 rdasoporte 
649 |a XX 
650 |a Tribunales -  |z España -  |x Historia -  |y Siglo XIX 
650 |a Poder Judicial -  |x España -  |x Historia -  |y Siglo XIX 
650 |a Jurisprudencia -  |z España -  |x Historia 
650 |a Suprema Corte de Justicia -  |z España -  |x Historia 
910 |a Fondo General 
920 |a Impresos - Libros 
930 |a Colección General 
905 |a 101 
901 |a 0500124204  |b IT1  |c ACC  |u 20250521 
902 |a https://opac.biblio.iteso.mx/vufind/Record/000183699